| 000 | 00781nam a22002177a 4500 | ||
|---|---|---|---|
| 999 |
_c11772 _d11772 |
||
| 003 | AR-CdUCM | ||
| 008 | 190405b ||||| |||| 00| 0 spa d | ||
| 040 |
_aMUNICIPALIDAD PROVINCIAL DEL CUSCO _cBIBLIOTECA MUNICIPAL DEL CUSCO |
||
| 082 |
_a301.04 / _bM42 / 1929 |
||
| 100 |
_aMendez Pereira, Octavio _929298 |
||
| 245 | _aFuerzas de unificación / | ||
| 260 |
_aParís : _bLe livre libre, _c1929. |
||
| 300 |
_a176 páginas ; _c18 cm. |
||
| 505 | _aContenido : El hombre europeo -- La inquietud europeo y el nivel de la cultura -- La paz del mundo -- El problema de la cultura europeo ... | ||
| 650 |
_aSociológica _929299 |
||
| 650 |
_aSociedad _953 |
||
| 650 |
_aEuropea _95888 |
||
| 700 |
_aAlvarez, Alejandro _929300 |
||
| 942 |
_2ddc _cLIBROS |
||
| 945 |
_arah _d05/04/2019 |
||